O pčolîn'skij ikon'i

Bibliographic Details
Main Author: Kostilník, Martin, 1978- (Author)
Format: Article
Language:Ukrainian
PhysicalDescription:Fotografie
ISSN:1336-65643
Subjects:

MARC

LEADER 00000cab a2200000 4500
001 vtls012076170
003 SK-MaSNL
005 20260318124340.0
008 211104c2019 xo qr|p || ||00 b0ukr
015 |a SNBRB2021/11 
038 |a SVKPOCL 
040 |a SVKPOCL  |b slo  |c SVKPOCL  |e rda 
041 0 |a ukr 
043 |a e-xo--- 
044 |a xo  |c SK 
072 7 |a 27-5  |x Liturgia. Kresťanské umenie a symbolika. Duchovný život  |2 konspekt 
080 |a 2-526.62(091)"18"  |2 2011 
080 |a 27-9  |2 2011 
080 |a (437.6)  |2 2011 
100 1 |a Kostilník, Martin,  |d 1978-  |4 aut  |9 1211046 
245 1 0 |a O pčolîn'skij ikon'i  |c Martin Kost'ilnîk 
246 3 3 |a O pčolin'skij ikon'i 
300 |b Fotografie 
336 |a text  |b txt  |2 rdacontent 
337 |a bez média  |b n  |2 rdamedia 
338 |a zväzok  |b nc  |2 rdacarrier 
610 2 7 |a Gréckokatolícka cirkev  |2 SNKKA  |9 32576 
648 7 |a 1800  |2 svkpocl  |9 301090 
648 7 |a 1901-1903  |2 svkpocl  |9 412863 
648 7 |a 1823  |2 svkpocl  |9 1288382 
650 0 7 |a cirkevné dejiny  |2 SNKPH  |9 3909 
650 0 7 |a ikonostasy  |2 SNKPH  |9 22172 
650 0 7 |a ikony  |2 SNKPH  |9 3134 
650 0 7 |a ikona Krista Pantokráta  |2 svkpocl  |9 1327184 
650 0 7 |a cirkevné pamiatky  |2 SNKPH  |9 29576 
651 7 |a Pčoliné (Slovensko)  |2 SNKPHgeo  |9 23795 
651 7 |a Slovensko  |2 SNKPHgeo  |9 14231 
773 0 |t Artos  |g Roč. XV, č. 3 (2019), s. 11  |x 1336-65643 
852 |a SVKPO  |b KIS3GCP 
958 |a RN 
958 |a NT 
958 |a SS 
958 |a NM 
958 |a SK 
999 |c 2681847  |d 2683777